01652naa a22003977a 4500001001000000003000900010005001700019007000300036008003400039040005400073041000900127072003100136090001800167100002000185100001900205100002000224100001700244111007600261245012700337500018100464773014000645650001300785650002900798650001500827650001300842650002100855650001500876650001300891650001600904650000900920490011500929942001501044909004001059999001901099952013601118BR8104641BR-BrBNA20250716171010.0ta250630b bl.|||m| |||| 00| 0 por d aBR-BrBNAbporcBiblioteca Nacional de Agricultura a(Pt) aF25; F60b1540b3820bG514 aF25 BR81046411 aGomes, J. de C.1 aMacedo, M.C.M.1 aSouza, L. da S.1 aCaldas, R.C.1 a1. Congresso Brasileiro de MandiocacSalvador, BA (Brazil)d25 Nov 19791 aDoses e epocas de aplicacao de nitrogenio na cultura da mandioca (Manihot esculenta Crantz)[adubacao, crescimento, Brasil] aAnais do 1. Congresso Brasileiro de Mandioca, v. 1: Pesquisas agronomicas Cruz das Almas, BA (Brasil): 1981. v. 249-261 [6 tables; Summaries (En, Pt); 14 ref.] (BR8104641-AMS) 0 tAnais do 1. Congresso Brasileiro de Mandioca, v. 1: Pesquisas agronomicaswF25 BR8104641gCruz das Almas, BA (Brasil), 1981. v. 249-261 aMANDIOCA aFERTILIZANTE NITROGENADO aNITROGENIO aADUBACAO aPRATICA CULTURAL aRENDIMENTO aABSORCAO aCRESCIMENTO aRAIZ aDocumentos - Empresa Brasileira de Pesquisa Agropecuaria. Depto. de Informacao e Documentacao (Brazil)vno. 18 cAMS2AGRIS a202506bLúciac55dLúcia Elande c333747d333747 002AGRIS40708AGROBASEa41918b41918l0o5300 BR9804115r2025-06-30t01yAMS10d2025-06-30ePortaria Interministerial nº 164/94